Báo chí Sài Gòn 1954 - 1963

Trình bày về điều kiện hoạt động, diện mạo và tính cách, những vấn đề chính trị, kinh tế, xã hội, văn hóa của hoạt động báo chí Thành phố Hồ Chí Minh giai đoạn 1954-1963

Gespeichert in:
Bibliographische Detailangaben
1. Verfasser: Dương, Kiều Linh
Format: Buch
Sprache:Undetermined
Veröffentlicht: Tp. Hồ Chí Minh Văn hóa Văn nghệ Tp. Hồ Chí Minh 2017
Schlagworte:
Online Zugang:http://lrc.tdmu.edu.vn/opac/search/detail.asp?aID=2&ID=30302
Tags: Tag hinzufügen
Keine Tags, Fügen Sie den ersten Tag hinzu!
Thư viện lưu trữ: Trung tâm Học liệu Trường Đại học Thủ Dầu Một
LEADER 00948nam a2200205Ia 4500
001 TDMU_30302
008 210410s9999 xx 000 0 und d
082 |a 332.6 
090 |b D561 
100 |a Dương, Kiều Linh 
245 0 |a Báo chí Sài Gòn 1954 - 1963 
245 0 |c Dương Kiều Linh 
260 |a Tp. Hồ Chí Minh 
260 |b Văn hóa Văn nghệ Tp. Hồ Chí Minh 
260 |c 2017 
300 |a 275tr. 
520 |a Trình bày về điều kiện hoạt động, diện mạo và tính cách, những vấn đề chính trị, kinh tế, xã hội, văn hóa của hoạt động báo chí Thành phố Hồ Chí Minh giai đoạn 1954-1963 
650 |a Báo chí  |y 1954-1963  |z Thành phố Hồ Chí Minh 
856 |u http://lrc.tdmu.edu.vn/opac/search/detail.asp?aID=2&ID=30302 
980 |a Trung tâm Học liệu Trường Đại học Thủ Dầu Một